000
00291nam a2200109 4500
008
160704b xxu||||| |||| 00| 0 eng d
100
_9
1973
_a
Rangachari, D
245
_a
When Amma Went Away
260
_a
N.D
_b
Children Book Trust
_c
2002
300
_a
When Amma Went Away
942
_2
ddc
_c
BK
999
_c
1674
_d
1674